Normal view
MARC view
- Ibn Anas, Malik ; Narrated: Yahya Al-Andalusi; Corrected and Revised: Mahmood Matraji vol.11
Entry Personal Name
001 - CONTROL NUMBER
- control field: 5310
003 - CONTROL NUMBER IDENTIFIER
- control field: JO-AjAnu
005 - DATE AND TIME OF LATEST TRANSACTION
- control field: 20230606071149.0
008 - FIXED-LENGTH DATA ELEMENTS
- fixed length control field: 230606|| aca||aabn | a|a d
040 ## - CATALOGING SOURCE
- Original cataloging agency: JO-AjAnu
- Transcribing agency: JO-AjAnu
100 ## - HEADING--PERSONAL NAME
- Personal name: Ibn Anas, Malik ; Narrated: Yahya Al-Andalusi; Corrected and Revised: Mahmood Matraji vol.11
670 ## - SOURCE DATA FOUND
- Source citation: Work cat.: (JO-AjAnu)2741: Ibn Anas, Malik ; Narrated: Yahya Al-Andalusi; Corrected and Revised: Mahmood Matraji vol.11, author, Muwatta' Imam Malik vol.II